Diccionario latino-español.

Gardado en:
Detalles Bibliográficos
Autor Principal: Blánquez Fraile, Agustín (autor)
Formato: Libro
Idioma:inglés
Publicado: Barcelona, España: Ramón Sopena, 1967.
Edición:Quinta edición.
Subjects:
Tags: Engadir etiqueta
Sen Etiquetas, Sexa o primeiro en etiquetar este rexistro!

MARC

LEADER 00000nam a22000007a 4500
003 CL-VaPUC
005 20220822114707.0
008 220722t1967 ||||| |||| 00| 0 eng d
999 |c 437426  |d 437424 
040 |c Pontificia Universidad Católica de Valparaíso 
082 0 4 |a 473.61 BLA 1967  |2 21 
100 |a Blánquez Fraile, Agustín  |e autor  |9 318621 
245 1 0 |a Diccionario latino-español.  
250 |a Quinta edición.  
260 |a Barcelona, España:   |b Ramón Sopena,   |c 1967. 
300 |a Volumen II.  
500 |a c.1 Volumen II: Donación Familia Prof. Alejandro Guzmán Brito.  
505 |a v.II: K-Z.  
583 |a last modification  |c 19990507 00:00:00  |k Yessy Sthefany Diaz Vidal 
650 0 |a Diccionarios  |9 256200  |x Latino   |x Español  
942 |c BK  |2 ddc  |n 0 
952 |0 0  |1 0  |2 ddc  |4 0  |6 473_610000000000000_BLA_1967  |7 0  |8 C_AGB  |9 585191  |a BIBDER  |b BIBDER  |d 2022-07-22  |e Donación   |h v.II  |i 5653251  |o 473.61 BLA 1967  |p 5653251  |r 2023-01-25  |t 1  |w 2022-07-22  |y BK_US  |k AGB